| 000 | 00910nam a2200277 a 4500 | ||
|---|---|---|---|
| 003 | BLK | ||
| 005 | 20240315085502.0 | ||
| 008 | 240315b bul|||||r ||||||| ||bul|| | ||
| 020 | _a9786192590765 | ||
| 040 | _aBLK | ||
| 041 |
_aBUL _cBUL |
||
| 080 |
_aБългарска литература _b821.163.2 _x-31 _z821.163.2-31 |
||
| 100 |
_aВълчанова, Ина Ангелова _9335496 |
||
| 245 | 1 | 0 |
_aВътрешните дворове _bроман _cИна Вълчанова. |
| 257 | _aBGR | ||
| 260 |
_aСофия _bЕРГО _c2023 _fСофия : Дайрект Сървисиз |
||
| 300 |
_a264 с. _c20 см |
||
| 380 | _aX | ||
| 490 |
_aНова българска проза _9201206 |
||
| 852 |
_aЦб 322217 _bЦб |
||
| 856 | 4 | _qpdf | |
| 856 | 4 | _qpdf | |
| 942 |
_cKNG _n0 _s1 _04 |
||
| 944 |
_a30560 _cГеновева Генчева _k30560 _lГеновева Генчева |
||
| 999 |
_c505931 _d505931 |
||